MARC ayrıntıları
| 000 -BAŞLIK |
| Sabit Uzunlukta Kontrol Alanı |
01218na a2200325 4500 |
| 001 - KONTROL NUMARASI |
| Denetim Alanı |
14525 |
| 003 - KONTROL NUMARASI IDENTIFIER |
| Denetim Alanı |
MIRAKIL |
| 005 - SON İŞLEM TARİHİ VE ZAMANI |
| Denetim Alanı |
20181213155258.0 |
| 008 - SABİT-BOY VERİ ELEMANLARI - GENEL BİLGİLER |
| Sabit Uzunlukta Kontrol Alanı |
160908b tu 000 0 |
| 020 ## - ULUSLARARASI STANDART KİTAP NUMARASI |
| Uluslararası Standart Kitap Numarası |
9786053992264 |
| 035 ## - SİSTEM KONTROL NUMARASI |
| Sistem Kontrol Numarası |
14525 |
| 040 ## - KATALOGLAMA KAYNAK |
| Orijinal Kataloglama Ajansı |
Milas |
| Kataloglama Dili |
tur |
| Metne Dönüştürmek Ajansı |
TR-AnCHP |
| 041 ## - DİL KODU |
| Metin / Ses Parça Veya Ayrı Başlığın Dil Kodu |
eng |
| 082 ## - DEWEY ONLU SINIFLANDIRMA NUMARASI |
| Sınıflandırma Numarası |
956.1015 |
| Ürün Numarası |
P66 2011 |
| 090 ## - SINIFLAMA NUMARASI |
| Sınıflama Numarası |
956.1015 P66 2011 |
| 245 ## - BAŞLIK TABLOSU |
| Başlık |
Popular protest and political participation in The Ottoman Empire |
| Başlığın Kalan |
studies in honor of Suraiya Faroqhi |
| Sorumluluk Tablosu, Vb |
edited by Eleni Gara ...[ve öte.] |
| 246 ## - UNVAN FORM VARYING |
| Başlık Doğru / Kısa Başlığı |
Studies in honor of Suraiya Faroqhi |
| 260 ## - YAYIN, DAĞITIM, VB |
| Yayın, Dağıtım, Vb Yeri |
İstanbul |
| Yayıncı, Dağıtıcı, Vs Adı |
İstanbul Bilgi Üniversitesi Yayınları |
| Yayın, Dağıtım, Vb Tarihi |
2011 |
| 300 ## - FİZİKSEL TANIM |
| Kapsam |
364 s. |
| Boyutlar |
23 sm. |
| 490 ## - SERİSİ TABLOSU |
| Seri Beyanı |
History |
| Hacim / Ardışık Tanımı |
39 |
| 490 ## - SERİSİ TABLOSU |
| Seri Beyanı |
İstanbul Bilgi Üniversity press |
| Hacim / Ardışık Tanımı |
368 |
| 504 ## - KAYNAKÇA VB NOT |
| Kaynakça Vb Notu |
Kaynakça (319-347 ss.) ve dizin var. |
| 600 ## - KONU KATMA GİRİŞ - KURUMSAL ADI |
| Kişisel Ad |
Faroqhi, Suraiya |
| Bir Adıyla İlişkilendirilen Tarihler |
1941- |
| Genel Alt Bölümü |
Armağan kitaplar |
| 650 ## - KONU KATMA GİRİŞ - TOPİKAL DÖNEM |
| Topikal Süreli Veya Coğrafi Ad Giriş Elemanı |
Karşı hareketler |
| Genel Alt Bölümü |
Tarih |
| Kronolojik Alt Bölümü |
Osmanlı İmparatorluğu,1288- 1918 |
| 650 ## - KONU KATMA GİRİŞ - TOPİKAL DÖNEM |
| Topikal Süreli Veya Coğrafi Ad Giriş Elemanı |
Siyasal katılım |
| Genel Alt Bölümü |
Tarih |
| Kronolojik Alt Bölümü |
Osmanlı İmparatorluğu,1288- 1918 |
| Coğrafi Alt Bölümü |
Türkiye |
| 650 ## - KONU KATMA GİRİŞ - TOPİKAL DÖNEM |
| Topikal Süreli Veya Coğrafi Ad Giriş Elemanı |
Siyaset ve yönetim |
| Genel Alt Bölümü |
Tarih |
| Kronolojik Alt Bölümü |
Osmanlı İmparatorluğu,1288- 1918 |
| Coğrafi Alt Bölümü |
Türkiye |
| 650 ## - KONU KATMA GİRİŞ - TOPİKAL DÖNEM |
| Topikal Süreli Veya Coğrafi Ad Giriş Elemanı |
Toplumsal hareketler |
| Coğrafi Alt Bölümü |
Türkiye |
| 700 ## - KATMA GİRİŞ - KİŞİSEL İSİM |
| Kişisel Ad |
Gara, Eleni |
| 942 ## - EKLENDİ GİRİŞ ELEMANLARI (KOHA) |
| Sınıflandırma Veya Raf Düzeni Kaynak |
Dewey Decimal Classification |
| Koha Öğesi Türü |
Kitaplar |
| 999 ## - SİSTEM KONTROL NUMARALARI (KOHA) |
| Koha Biblionumber |
9861 |
| Koha Biblioitemnumber |
9861 |